[Event "4. Memorial Oliver Gonzalez 2015"]
[Site "Madrid ESP"]
[Date "2015.10.12"]
[Round "3.15"]
[White "Sorm, Daniel"]
[Black "Cabanas Bravo, Juan Andres"]
[Result "1-0"]
[WhiteElo "2354"]
[BlackElo "2042"]
[PlyCount "81"]
[EventDate "2015.10.10"]
[EventType "swiss"]
[EventRounds "9"]
[EventCountry "ESP"]
[Source "lmi"]
[SourceDate "2015.10.10"]

1. d4 Nf6 2. g3 g6 3. c4 Bg7 4. Bg2 d5 5. cxd5 Nxd5 6. e4 Nb6 7. Ne2 O-O 8. O-O
Na6 9. a4 c5 10. d5 Bg4 11. h3 Bd7 12. Nec3 Nb4 13. Na3 Nc8 14. Be3 b6 15. f4
h5 16. e5 Rb8 17. Nc2 Nxc2 18. Qxc2 Bf5 19. Qe2 Qd7 20. Kh2 Rd8 21. Rad1 Kh7
22. e6 fxe6 23. g4 hxg4 24. hxg4 exd5 25. Rxd5 Bxg4 26. Rxd7 Bxd7 27. Be4 Rh8
28. Rh1 Kg8+ 29. Kg2 Rxh1 30. Kxh1 Be8 31. Qg4 Nd6 32. Bxg6 Bc6+ 33. Kh2 Rd8
34. Qe6+ Kf8 35. Nd5 Rd7 36. Nxe7 Rxe7 37. Qxd6 Bxa4 38. Bf2 Be8 39. Bh4 Bxg6
40. Qxe7+ Kg8 41. Bf6 1-0

[Event "4. Memorial Oliver Gonzalez 2015"]
[Site "Madrid ESP"]
[Date "2015.10.12"]
[Round "3.16"]
[White "Suarez Triguero, Jose Alfonso"]
[Black "Martin Rueda, Daniel"]
[Result "0-1"]
[WhiteElo "2050"]
[BlackElo "2314"]
[PlyCount "82"]
[EventDate "2015.10.10"]
[EventType "swiss"]
[EventRounds "9"]
[EventCountry "ESP"]
[Source "lmi"]
[SourceDate "2015.10.10"]

1. e4 c5 2. c4 Nc6 3. Ne2 e6 4. Nbc3 Nf6 5. d4 cxd4 6. Nxd4 Bb4 7. Nxc6 bxc6 8.
Qd3 e5 9. Be2 O-O 10. O-O Qe7 11. Rd1 Ba6 12. Bg5 h6 13. Bxf6 Qxf6 14. Qxd7
Rfd8 15. Qh3 Bc5 16. Qf3 Qe7 17. Bf1 Bd4 18. Ne2 Bxb2 19. Rxd8+ Rxd8 20. Rb1
Ba3 21. Ng3 g6 22. Rd1 Bc5 23. Rxd8+ Qxd8 24. Qd3 Qb6 25. Nh1 Bc8 26. Qb3 Qxb3
27. axb3 Bg4 28. Ng3 Bd1 29. Ne2 Bxb3 30. Nc1 Ba4 31. Be2 Kf8 32. Kf1 Ke7 33.
Nd3 Kd6 34. f4 f6 35. fxe5+ fxe5 36. Ke1 Bb3 37. Nc1 Bb4+ 38. Kf2 Bc2 39. Bd3
Ba4 40. Bf1 a5 41. Ke3 Ba3 0-1

[Event "4. Memorial Oliver Gonzalez 2015"]
[Site "Madrid ESP"]
[Date "2015.10.12"]
[Round "3.17"]
[White "Avendano Mateos, Jose"]
[Black "Moreno Ibanez, Miguel"]
[Result "0-1"]
[WhiteElo "2023"]
[BlackElo "2283"]
[PlyCount "71"]
[EventDate "2015.10.10"]
[EventType "swiss"]
[EventRounds "9"]
[EventCountry "ESP"]
[Source "lmi"]
[SourceDate "2015.10.10"]

1. d4 f5 2. e4 fxe4 3. Nc3 Nf6 4. Bg5 Nc6 5. d5 Ne5 6. Qd4 Nf7 7. Bxf6 exf6 8.
Nxe4 f5 9. Nc3 g6 10. O-O-O Bh6+ 11. f4 O-O 12. Nf3 Bg7 13. Qd2 a6 14. h3 Nd6
15. Bd3 b5 16. Ne5 Rb8 17. Rde1 Qf6 18. Nd1 b4 19. Rhf1 a5 20. g4 a4 21. g5 Qd8
22. h4 b3 23. cxb3 axb3 24. a3 Bb7 25. Nc3 c6 26. dxc6 Bxc6 27. h5 gxh5 28. Qh2
Be4 29. Bxe4 Nxe4 30. Nxe4 fxe4 31. Qh4 Qc7+ 32. Kb1 Qc2+ 33. Ka1 Ra8 34. Rf2
Rxa3+ 35. bxa3 b2+ 36. Ka2 0-1

[Event "4. Memorial Oliver Gonzalez 2015"]
[Site "Madrid ESP"]
[Date "2015.10.12"]
[Round "3.18"]
[White "De La Orden Alcocer, Alejandro"]
[Black "Rodriguez Lopez, Rafael"]
[Result "0-1"]
[WhiteElo "2021"]
[BlackElo "2275"]
[PlyCount "59"]
[EventDate "2015.10.10"]
[EventType "swiss"]
[EventRounds "9"]
[EventCountry "ESP"]
[Source "lmi"]
[SourceDate "2015.10.10"]

1. Nf3 Nf6 2. g3 g6 3. Bg2 Bg7 4. O-O O-O 5. c4 d6 6. Nc3 e5 7. d3 c6 8. Rb1 a5
9. a3 Re8 10. e4 h6 11. b4 axb4 12. axb4 Be6 13. Bb2 Nbd7 14. Qc2 d5 15. Ne2 d4
16. Ra1 Qb6 17. Ra4 Bf8 18. c5 Qb5 19. Rxa8 Rxa8 20. Rb1 Ra2 21. Nc1 Ra4 22.
Bxd4 Rxb4 23. Rxb4 Qxb4 24. Qb2 Qa4 25. Bc3 Qd1+ 26. Ne1 Bxc5 27. Bf3 Qa4 28.
Bxe5 Nxe5 29. Qxe5 Qa5 30. Kg2 0-1

[Event "4. Memorial Oliver Gonzalez 2015"]
[Site "Madrid ESP"]
[Date "2015.10.12"]
[Round "3.20"]
[White "Vukotic Jovsic, Dragan"]
[Black "Siebarth, Raiko"]
[Result "1-0"]
[WhiteElo "1931"]
[BlackElo "2264"]
[PlyCount "47"]
[EventDate "2015.10.10"]
[EventType "swiss"]
[EventRounds "9"]
[EventCountry "ESP"]
[Source "lmi"]
[SourceDate "2015.10.10"]

1. d4 Nf6 2. Bf4 g6 3. Nf3 Bg7 4. e3 O-O 5. Be2 d6 6. O-O Nbd7 7. h3 c5 8. c3
b6 9. Nbd2 Bb7 10. a4 cxd4 11. exd4 Nd5 12. Bh2 a5 13. Qb3 Bh6 14. Rfe1 Nf4 15.
Bf1 Rc8 16. Ne4 Rc7 17. Rad1 Qa8 18. Neg5 Bxf3 19. Nxf3 e6 20. Nd2 Rd8 21. Ne4
d5 22. Nd2 Rb7 23. Nf3 Nh5 24. g4 1-0

[Event "4. Memorial Oliver Gonzalez 2015"]
[Site "Madrid ESP"]
[Date "2015.10.12"]
[Round "3.22"]
[White "Solaesa Navalpotro, Luis Julio"]
[Black "Paarup, Torsten"]
[Result "1-0"]
[WhiteElo "2202"]
[BlackElo "1996"]
[PlyCount "41"]
[EventDate "2015.10.10"]
[EventType "swiss"]
[EventRounds "9"]
[EventCountry "ESP"]
[Source "lmi"]
[SourceDate "2015.10.10"]

1. d4 f5 2. Bg5 g6 3. Nd2 Bg7 4. e4 fxe4 5. Nxe4 d5 6. Nc5 b6 7. Nb3 Nh6 8. Nf3
Nf7 9. Bh4 O-O 10. Be2 c5 11. c4 Bb7 12. O-O Na6 13. Re1 Rc8 14. Rc1 Rc7 15.
cxd5 Rd7 16. Bb5 Rc7 17. Qe2 c4 18. Rxc4 Rxc4 19. Bxc4 Qc8 20. Bxe7 Nb4 21.
Bxb4 1-0

[Event "4. Memorial Oliver Gonzalez 2015"]
[Site "Madrid ESP"]
[Date "2015.10.13"]
[Round "4.1"]
[White "Larino Nieto, David"]
[Black "Drenchev, Petar"]
[Result "1-0"]
[WhiteElo "2474"]
[BlackElo "2465"]
[PlyCount "85"]
[EventDate "2015.10.10"]
[EventType "swiss"]
[EventRounds "9"]
[EventCountry "ESP"]
[Source "lmi"]
[SourceDate "2015.10.10"]

1. Nf3 d5 2. c4 c6 3. b3 dxc4 4. bxc4 e5 5. Nc3 Qa5 6. Rb1 Nf6 7. Qc2 Na6 8. g3
Bd6 9. Bg2 O-O 10. O-O Nb4 11. Qb2 e4 12. Nd4 Re8 13. Nc2 Na6 14. Ne3 Be5 15.
Ned1 Bd4 16. e3 Bxc3 17. Qxc3 Qh5 18. f3 exf3 19. Bxf3 Bg4 20. Bg2 Nc5 21. Rxf6
gxf6 22. Nf2 Bf5 23. g4 Bxg4 24. d4 Bf3 25. Bxf3 Qxf3 26. dxc5 Re5 27. Qd4 Kh8
28. Kf1 Rg8 29. Qf4 Qxf4 30. exf4 Rxc5 31. Rxb7 Rxc4 32. Bb2 Kg7 33. f5 Rd8 34.
Rb3 Rd5 35. Rg3+ Kf8 36. Rf3 Ke7 37. Bc3 Ra4 38. a3 a5 39. Ke2 h5 40. h3 Rc4
41. Re3+ Kf8 42. Ne4 Rxf5 43. Nd6 1-0

[Event "4. Memorial Oliver Gonzalez 2015"]
[Site "Madrid ESP"]
[Date "2015.10.13"]
[Round "4.2"]
[White "Valles Moreno, Ivan"]
[Black "Grigoryan, Karen H"]
[Result "0-1"]
[WhiteElo "2417"]
[BlackElo "2600"]
[PlyCount "132"]
[EventDate "2015.10.10"]
[EventType "swiss"]
[EventRounds "9"]
[EventCountry "ESP"]
[Source "lmi"]
[SourceDate "2015.10.10"]

1. e4 e5 2. Nc3 Nc6 3. Bc4 Nf6 4. d3 Na5 5. Nge2 Nxc4 6. dxc4 Bc5 7. O-O d6 8.
Qd3 Be6 9. b3 O-O 10. Be3 Nd7 11. Ng3 g6 12. Bxc5 Nxc5 13. Qe3 f5 14. exf5 gxf5
15. f4 e4 16. Rad1 Nd7 17. Nb5 Nf6 18. Nd4 Qc8 19. h3 b6 20. Nge2 Bf7 21. Qg3+
Bg6 22. Nc3 c6 23. Kh1 a6 24. Nde2 Qd7 25. Rd4 Rad8 26. a4 Kf7 27. Rfd1 Qe7 28.
Qe3 Bh5 29. R4d2 Rg8 30. Ng3 Qe6 31. Nce2 Rxg3 32. Nxg3 Bxd1 33. Rxd1 c5 34.
Qe2 Kg6 35. Rd5 Nxd5 36. Qh5+ Kg7 37. Qg5+ Kf7 38. Qxd8 Nxf4 39. Qg5 Qe5 40.
Nxf5 e3 41. Nh6+ Ke8 42. Qxe5+ dxe5 43. Kg1 Ne2+ 44. Kf1 Nd4 45. Ng4 Nxc2 46.
Ke2 Kd7 47. Nxe3 Nd4+ 48. Kd3 Nxb3 49. Nd5 Kc6 50. Ne7+ Kd6 51. Nf5+ Kd7 52. g4
Nd4 53. Ne3 b5 54. axb5 axb5 55. cxb5 Nxb5 56. Ke4 Ke6 57. h4 Nd6+ 58. Kd3 e4+
59. Ke2 Ke5 60. g5 Nf5 61. Ng4+ Kf4 62. Nf6 Nd4+ 63. Ke1 e3 64. Nd5+ Kf3 65.
Nc3 Kg4 66. Ne4 c4 0-1

[Event "4. Memorial Oliver Gonzalez 2015"]
[Site "Madrid ESP"]
[Date "2015.10.13"]
[Round "4.5"]
[White "Petrov, Marian"]
[Black "Aryan, Chopra"]
[Result "0-1"]
[WhiteElo "2462"]
[BlackElo "2430"]
[PlyCount "92"]
[EventDate "2015.10.10"]
[EventType "swiss"]
[EventRounds "9"]
[EventCountry "ESP"]
[Source "lmi"]
[SourceDate "2015.10.10"]

1. e4 c5 2. Nf3 d6 3. c3 Nf6 4. h3 Nc6 5. Bd3 e5 6. O-O g5 7. Bb5 g4 8. hxg4
Bxg4 9. d4 Qb6 10. dxe5 Qxb5 11. exf6 Ne5 12. Na3 Qa6 13. Bf4 O-O-O 14. Qd5
Nxf3+ 15. gxf3 Be6 16. Qh5 Rg8+ 17. Kh2 Rg6 18. c4 Rxf6 19. Bg5 Rg6 20. Rg1 Bg7
21. Bxd8 Rh6 22. Qxh6 Bxh6 23. Rg8 f5 24. Re8 Bf7 25. Rh8 Bg7 26. Rxh7 Be5+ 27.
f4 Bg6 28. Rh4 Bxb2 29. Rg1 Be8 30. Nb5 Bxb5 31. cxb5 Qxa2 32. e5 dxe5 33. Bf6
Kc7 34. fxe5 Kb6 35. Rf4 Qe6 36. Rg5 Bc1 37. Rfxf5 Bxg5 38. Rxg5 c4 39. f4 c3
40. f5 Qc8 41. e6 c2 42. Bd4+ Ka5 43. Bb2 c1=Q 44. Bxc1 Qxc1 45. Rg4 Qc2+ 46.
Rg2 Qxf5 0-1

[Event "4. Memorial Oliver Gonzalez 2015"]
[Site "Madrid ESP"]
[Date "2015.10.13"]
[Round "4.6"]
[White "Plazuelo Pascual, Juan"]
[Black "Ulybin, Mikhail"]
[Result "0-1"]
[WhiteElo "2302"]
[BlackElo "2520"]
[PlyCount "66"]
[EventDate "2015.10.10"]
[EventType "swiss"]
[EventRounds "9"]
[EventCountry "ESP"]
[Source "lmi"]
[SourceDate "2015.10.10"]

1. d4 e6 2. c4 f5 3. Nc3 Nf6 4. e3 d5 5. Bd3 c6 6. Nge2 Bd6 7. Qc2 O-O 8. f3
Kh8 9. O-O dxc4 10. Bxc4 b5 11. Bd3 Bb7 12. Rd1 Nbd7 13. Bd2 Qc7 14. h3 Rac8
15. Rac1 Qb8 16. Qb3 Rce8 17. e4 e5 18. d5 Nc5 19. Qc2 b4 20. Na4 Nxd3 21. Qxd3
fxe4 22. fxe4 cxd5 23. exd5 e4 24. Qd4 Ba6 25. Re1 Bxe2 26. Rxe2 Qb5 27. Rc4
Qxa4 28. Bxb4 Bxb4 29. Rxb4 Qxa2 30. d6 Rf7 31. Rc4 Qa6 32. Rd2 e3 33. Re2 Rd7
0-1

[Event "4. Memorial Oliver Gonzalez 2015"]
[Site "Madrid ESP"]
[Date "2015.10.13"]
[Round "4.7"]
[White "Hovhannisyan, Robert"]
[Black "Stillger, Bernhard"]
[Result "1-0"]
[WhiteElo "2630"]
[BlackElo "2279"]
[PlyCount "95"]
[EventDate "2015.10.10"]
[EventType "swiss"]
[EventRounds "9"]
[EventCountry "ESP"]
[Source "lmi"]
[SourceDate "2015.10.10"]

1. e4 e6 2. d4 d5 3. exd5 exd5 4. Nf3 Bd6 5. c4 dxc4 6. Bxc4 Nf6 7. Qe2+ Qe7 8.
Qxe7+ Kxe7 9. O-O Nbd7 10. Re1+ Kf8 11. Nc3 Nb6 12. Bb3 c6 13. Ne5 Be6 14. Bf4
Rd8 15. Bg3 Nbd5 16. Bh4 Be7 17. Na4 Nc7 18. Nc5 Rxd4 19. Nxe6+ fxe6 20. Nf3
Rd7 21. Bxe6 Nxe6 22. Rxe6 Nd5 23. Rae1 Rg8 24. Ne5 Rc7 25. Nc4 g5 26. Bg3 Rd7
27. h3 Bf6 28. Be5 Bxe5 29. R1xe5 Re7 30. Nd6 Rxe6 31. Rxe6 Nf4 32. Re8+ Kg7
33. Re7+ Kg6 34. Nxb7 Ra8 35. b3 h5 36. Rc7 Kf5 37. Nd6+ Ke6 38. Ne4 g4 39.
hxg4 hxg4 40. Rxc6+ Ke5 41. Nf6 Kf5 42. g3 Nd3 43. Nd5 Rd8 44. Ne3+ Kg5 45. Ra6
Ne5 46. Ra5 Kf6 47. Rxa7 Rh8 48. Kg2 1-0

[Event "4. Memorial Oliver Gonzalez 2015"]
[Site "Madrid ESP"]
[Date "2015.10.13"]
[Round "4.8"]
[White "Del Rio De Angelis, Salvador G"]
[Black "Mueller-Seps, Monika"]
[Result "1-0"]
[WhiteElo "2512"]
[BlackElo "2266"]
[PlyCount "79"]
[EventDate "2015.10.10"]
[EventType "swiss"]
[EventRounds "9"]
[EventCountry "ESP"]
[Source "lmi"]
[SourceDate "2015.10.10"]

1. d4 Nf6 2. Nc3 d5 3. Bf4 c6 4. Qd3 g6 5. f3 Qb6 6. O-O-O Qa5 7. e4 b5 8. Kb1
b4 9. Nce2 Qb6 10. e5 Nh5 11. Be3 a5 12. g4 Ng7 13. Nh3 Na6 14. Nef4 Nc7 15.
Qd2 Ba6 16. Bxa6 Rxa6 17. c4 bxc3 18. Qxc3 e6 19. Ka1 Be7 20. Nf2 a4 21. Ne2
Ra5 22. Nd3 Na6 23. Bh6 O-O 24. Bd2 Rb5 25. Qc2 c5 26. Nc3 c4 27. Nxb5 Qxb5 28.
Nf4 Rc8 29. h4 a3 30. bxa3 Bxa3 31. Rb1 Qd7 32. Bc3 Ne8 33. h5 g5 34. Nh3 h6
35. f4 Be7 36. fxg5 hxg5 37. Rhf1 Bd8 38. Rf3 f6 39. Qg6+ Kf8 40. Nxg5 1-0

[Event "4. Memorial Oliver Gonzalez 2015"]
[Site "Madrid ESP"]
[Date "2015.10.13"]
[Round "4.9"]
[White "Moreno Ibanez, Miguel"]
[Black "Almagro Llamas, Pablo"]
[Result "1-0"]
[WhiteElo "2283"]
[BlackElo "2443"]
[PlyCount "57"]
[EventDate "2015.10.10"]
[EventType "swiss"]
[EventRounds "9"]
[EventCountry "ESP"]
[Source "lmi"]
[SourceDate "2015.10.10"]

1. e4 c6 2. c4 d5 3. exd5 cxd5 4. cxd5 Nf6 5. Bb5+ Nbd7 6. Nc3 g6 7. d4 Bg7 8.
d6 O-O 9. dxe7 Qxe7+ 10. Be2 b5 11. Nxb5 Bb7 12. Nf3 Bxf3 13. gxf3 Nb6 14. O-O
Rfd8 15. Nc3 Nh5 16. Be3 Qh4 17. Ne4 Nd5 18. Bg5 Qh3 19. Re1 Rdb8 20. Bf1 Qf5
21. Qd2 Nhf4 22. Bh4 Rb4 23. Bg3 Ne6 24. Nd6 Qh5 25. Re4 Nxd4 26. Bg2 f5 27.
Rh4 Bh6 28. f4 Bxf4 29. Bxd5+ 1-0

[Event "4. Memorial Oliver Gonzalez 2015"]
[Site "Madrid ESP"]
[Date "2015.10.13"]
[Round "4.10"]
[White "Rodriguez Lopez, Rafael"]
[Black "Starostits, Ilmars"]
[Result "0-1"]
[WhiteElo "2275"]
[BlackElo "2404"]
[PlyCount "41"]
[EventDate "2015.10.10"]
[EventType "swiss"]
[EventRounds "9"]
[EventCountry "ESP"]
[Source "lmi"]
[SourceDate "2015.10.10"]

1. e4 d6 2. d4 Nf6 3. Nc3 e5 4. Nf3 Nbd7 5. Bc4 Be7 6. a4 O-O 7. O-O c6 8. h3
a5 9. Be3 exd4 10. Qxd4 Qc7 11. Bf4 Qb6 12. Rad1 Qb4 13. Bb3 Nc5 14. Bxd6 Qxd4
15. Rxd4 Bxd6 16. Rxd6 Ncxe4 17. Rd4 Nc5 18. Ne1 Nxb3 19. cxb3 c5 20. Rd6 b5
21. h4 0-1

[Event "4. Memorial Oliver Gonzalez 2015"]
[Site "Madrid ESP"]
[Date "2015.10.13"]
[Round "4.11"]
[White "Roa Alonso, Santiago"]
[Black "Prosviriakov, Vladimir"]
[Result "1-0"]
[WhiteElo "2382"]
[BlackElo "2234"]
[PlyCount "85"]
[EventDate "2015.10.10"]
[EventType "swiss"]
[EventRounds "9"]
[EventCountry "ESP"]
[Source "lmi"]
[SourceDate "2015.10.10"]

1. e4 e5 2. Nc3 Nf6 3. f4 d5 4. fxe5 Nxe4 5. Nf3 Be7 6. d3 Nxc3 7. bxc3 O-O 8.
d4 f6 9. Bd3 fxe5 10. Nxe5 Qe8 11. Rf1 Bh4+ 12. g3 Bf6 13. Ba3 Bh3 14. Bxf8
Bxe5 15. dxe5 Bxf1 16. Kxf1 Qxf8+ 17. Kg2 Nc6 18. Rb1 Rb8 19. Be2 Ne7 20. Qd4
Qf5 21. Bd3 Qg5 22. Rf1 c5 23. Qxc5 Qxe5 24. Qxa7 Nc6 25. Qf2 Qe6 26. Qf5 Qxf5
27. Bxf5 Re8 28. Rd1 g6 29. Bd3 Ra8 30. c4 d4 31. c5 Kg7 32. Rb1 Ra7 33. Kf3
Kf6 34. Ke4 Ke6 35. Bc4+ Ke7 36. Rf1 Ra3 37. Bb3 Ke8 38. Kd5 Ra8 39. Kd6 Rd8+
40. Kc7 Rd7+ 41. Kb6 Re7 42. Ba4 Re2 43. Kxb7 1-0

[Event "4. Memorial Oliver Gonzalez 2015"]
[Site "Madrid ESP"]
[Date "2015.10.13"]
[Round "4.12"]
[White "Martin Duque, Jesus"]
[Black "Solaesa Navalpotro, Luis Julio"]
[Result "1-0"]
[WhiteElo "2382"]
[BlackElo "2202"]
[PlyCount "75"]
[EventDate "2015.10.10"]
[EventType "swiss"]
[EventRounds "9"]
[EventCountry "ESP"]
[Source "lmi"]
[SourceDate "2015.10.10"]

1. e4 e5 2. Nf3 Nc6 3. Bb5 a6 4. Ba4 b5 5. Bb3 Na5 6. O-O Nxb3 7. axb3 d6 8. d4
f6 9. Nc3 Bb7 10. Qe2 c6 11. dxe5 fxe5 12. Nxe5 dxe5 13. Qh5+ Kd7 14. Rd1+ Bd6
15. Qxe5 Kc7 16. Nxb5+ cxb5 17. Qc3+ Bc6 18. Bf4 Bxf4 19. Rxd8 Rxd8 20. Qxg7+
Ne7 21. Qxe7+ Kb6 22. Qa3 Bb7 23. c4 bxc4 24. bxc4 Ka7 25. c5 Bc7 26. c6 Bc8
27. b4 Bb6 28. b5 Rhf8 29. Qe7+ Ka8 30. c7 Rde8 31. Qd6 Kb7 32. bxa6+ Ka7 33.
Kh1 Re6 34. Qd5 Rxf2 35. e5 Ref6 36. h3 Rf7 37. Rb1 Bxc7 38. Rb7+ 1-0

[Event "4. Memorial Oliver Gonzalez 2015"]
[Site "Madrid ESP"]
[Date "2015.10.13"]
[Round "4.13"]
[White "Vazquez Torres, Adrian"]
[Black "Sorm, Daniel"]
[Result "0-1"]
[WhiteElo "2204"]
[BlackElo "2354"]
[PlyCount "92"]
[EventDate "2015.10.10"]
[EventType "swiss"]
[EventRounds "9"]
[EventCountry "ESP"]
[Source "lmi"]
[SourceDate "2015.10.10"]

1. e4 c5 2. Nf3 Nc6 3. d4 cxd4 4. Nxd4 Nf6 5. Nc3 d6 6. Bg5 e6 7. Qd2 Be7 8.
O-O-O O-O 9. f4 Nxd4 10. Qxd4 Qa5 11. Kb1 Rd8 12. Bd3 e5 13. Qg1 exf4 14. Bxf6
Bxf6 15. Nd5 Be5 16. Qf2 Be6 17. g3 Bxd5 18. exd5 Qb6 19. Qxb6 axb6 20. g4 Kf8
21. Bb5 Ke7 22. Rd3 h5 23. gxh5 Rh8 24. Rb3 Bd4 25. Re1+ Be3 26. Be2 Kf6 27.
Bf3 Rae8 28. Rf1 Kg5 29. Rd3 Re5 30. Rdd1 Rxh5 31. Bxh5 Kxh5 32. c4 Kg4 33. Kc2
f3 34. Rde1 Kf4 35. Kd3 f2 36. b4 Kf3 37. Re2 f5 38. a4 Re4 39. Ree1 g5 40. a5
Rd4+ 41. Kc3 bxa5 42. bxa5 Bd2+ 43. Kxd4 Bxe1 44. a6 bxa6 45. Kd3 Kg2 46. Ke2
f4 0-1

[Event "4. Memorial Oliver Gonzalez 2015"]
[Site "Madrid ESP"]
[Date "2015.10.13"]
[Round "4.14"]
[White "Guillo Longares, Cecilia"]
[Black "Medarde Santiago, Luis Marcos"]
[Result "0-1"]
[WhiteElo "1809"]
[BlackElo "2324"]
[PlyCount "96"]
[EventDate "2015.10.10"]
[EventType "swiss"]
[EventRounds "9"]
[EventCountry "ESP"]
[Source "lmi"]
[SourceDate "2015.10.10"]

1. d4 Nf6 2. c4 e6 3. Nc3 Bb4 4. f3 b6 5. e4 c5 6. d5 d6 7. a3 Bxc3+ 8. bxc3
O-O 9. Bd3 Nbd7 10. Ne2 Ne5 11. O-O Ba6 12. Qa4 Qc8 13. Rd1 exd5 14. exd5 Nxd3
15. Rxd3 Qe8 16. Qxe8 Rfxe8 17. Ng3 Bxc4 18. Rd1 Bb3 19. Rd3 Bc4 20. Rd1 Nxd5
21. Ne4 Rad8 22. Bb2 f5 23. Ng3 g6 24. Rd2 Kf7 25. Rad1 Ne3 26. Re1 Ba6 27. Kf2
Nc4 28. Rxe8 Rxe8 29. Rc2 Nxb2 30. Rxb2 d5 31. Rd2 Bc4 32. Nf1 f4 33. g3 g5 34.
gxf4 gxf4 35. h4 Kf6 36. Nh2 h5 37. Nf1 Re5 38. Nh2 Ke6 39. Nf1 Bxf1 40. Kxf1
Re3 41. Re2 Rxe2 42. Kxe2 Kd6 43. Kd3 Kc6 44. c4 dxc4+ 45. Kxc4 b5+ 46. Kd3 Kd5
47. Kc3 a5 48. Kd3 b4 0-1

[Event "4. Memorial Oliver Gonzalez 2015"]
[Site "Madrid ESP"]
[Date "2015.10.13"]
[Round "4.15"]
[White "Martin Rueda, Daniel"]
[Black "Vukotic Jovsic, Dragan"]
[Result "1-0"]
[WhiteElo "2314"]
[BlackElo "1931"]
[PlyCount "33"]
[EventDate "2015.10.10"]
[EventType "swiss"]
[EventRounds "9"]
[EventCountry "ESP"]
[Source "lmi"]
[SourceDate "2015.10.10"]

1. d4 d5 2. Nf3 e6 3. c4 Be7 4. Nc3 Nf6 5. Bg5 O-O 6. e3 Nbd7 7. Qc2 c5 8. dxc5
dxc4 9. Bxc4 Nxc5 10. O-O a6 11. Rfd1 Qc7 12. Bf4 Qa5 13. a3 Ncd7 14. b4 Qh5
15. Ne2 Ne8 16. Ng3 Qg4 17. Rxd7 1-0

[Event "4. Memorial Oliver Gonzalez 2015"]
[Site "Madrid ESP"]
[Date "2015.10.13"]
[Round "4.16"]
[White "Taboas Rodriguez, Daniel"]
[Black "Semprun Martinez, Fernando"]
[Result "1-0"]
[WhiteElo "2394"]
[BlackElo "2220"]
[PlyCount "47"]
[EventDate "2015.10.10"]
[EventType "swiss"]
[EventRounds "9"]
[EventCountry "ESP"]
[Source "lmi"]
[SourceDate "2015.10.10"]

1. d4 Nf6 2. Nf3 g6 3. c4 Bg7 4. Nc3 d5 5. cxd5 Nxd5 6. e4 Nxc3 7. bxc3 c5 8.
Be3 Qa5 9. Qd2 O-O 10. Rc1 Rd8 11. d5 e6 12. Bg5 f6 13. Bf4 Qa4 14. c4 Nc6 15.
Be2 Nb4 16. O-O Qxa2 17. Qe3 Qa5 18. e5 exd5 19. exf6 Bxf6 20. cxd5 Nxd5 21.
Bc4 b5 22. Bxd5+ Rxd5 23. Qe8+ Kg7 24. Qc6 1-0

[Event "4. Memorial Oliver Gonzalez 2015"]
[Site "Madrid ESP"]
[Date "2015.10.13"]
[Round "4.17"]
[White "Fernandez De Bobadilla, Jaime"]
[Black "Fernandez De Bobadilla, Gabrie"]
[Result "1/2-1/2"]
[WhiteElo "2058"]
[BlackElo "2233"]
[PlyCount "61"]
[EventDate "2015.10.10"]
[EventType "swiss"]
[EventRounds "9"]
[EventCountry "ESP"]
[Source "lmi"]
[SourceDate "2015.10.10"]

1. d4 e6 2. e4 d5 3. Nd2 Be7 4. e5 c5 5. c3 Nh6 6. Bd3 Nc6 7. Ne2 cxd4 8. cxd4
Qb6 9. Nf3 Nf5 10. O-O Bd7 11. Be3 Nxe3 12. fxe3 f6 13. exf6 Bxf6 14. Qd2 O-O-O
15. b4 Kb8 16. a4 Qxb4 17. Qa2 Qd6 18. Qd2 Ka8 19. Rfb1 e5 20. Bb5 exd4 21.
Bxc6 Bxc6 22. Nexd4 Rc8 23. Ra2 Rhd8 24. Qa5 Qb8 25. Nb5 Bxb5 26. axb5 b6 27.
Qd2 Rc7 28. Nd4 Bxd4 29. Qxd4 Rdd7 30. Rf1 Rc8 31. Rfa1 1/2-1/2

[Event "4. Memorial Oliver Gonzalez 2015"]
[Site "Madrid ESP"]
[Date "2015.10.13"]
[Round "4.18"]
[White "Campos Palacios, Daniel"]
[Black "Lopez Del Alamo, Antonio"]
[Result "0-1"]
[WhiteElo "1895"]
[BlackElo "2229"]
[PlyCount "66"]
[EventDate "2015.10.10"]
[EventType "swiss"]
[EventRounds "9"]
[EventCountry "ESP"]
[Source "lmi"]
[SourceDate "2015.10.10"]

1. e4 c5 2. Nf3 e6 3. d4 cxd4 4. Nxd4 Nf6 5. Nc3 Nc6 6. Nxc6 bxc6 7. e5 Nd5 8.
Ne4 Bb7 9. Be2 c5 10. O-O Qc7 11. c4 Qxe5 12. cxd5 Qxe4 13. Bf3 Qb4 14. Bd2 Qb6
15. Bc3 O-O-O 16. Re1 f6 17. dxe6 dxe6 18. Bxb7+ Kxb7 19. Qa4 e5 20. Ba5 Rd4
21. Qxd4 cxd4 22. Bxb6 axb6 23. Rac1 Bc5 24. Kf1 Ra8 25. a3 Kc6 26. f4 Kd5 27.
fxe5 fxe5 28. Ke2 e4 29. Rf1 g6 30. Rf7 Rd8 31. b4 Bd6 32. g3 Ra8 33. Rxh7 Rxa3
0-1

[Event "4. Memorial Oliver Gonzalez 2015"]
[Site "Madrid ESP"]
[Date "2015.10.13"]
[Round "4.19"]
[White "Siebarth, Raiko"]
[Black "Busquets, Luis"]
[Result "1-0"]
[WhiteElo "2264"]
[BlackElo "2132"]
[PlyCount "133"]
[EventDate "2015.10.10"]
[EventType "swiss"]
[EventRounds "9"]
[EventCountry "ESP"]
[Source "lmi"]
[SourceDate "2015.10.10"]

1. e4 c5 2. Nc3 e6 3. Nge2 Nc6 4. g3 Nf6 5. Bg2 Rb8 6. d4 cxd4 7. Nxd4 d6 8.
O-O a6 9. b3 Be7 10. Bb2 O-O 11. Nce2 Qc7 12. c4 Bd7 13. Rc1 Rfc8 14. h3 Qd8
15. Qd2 Nxd4 16. Bxd4 Bc6 17. Qe3 Nd7 18. Rfd1 Qe8 19. Bb2 b5 20. cxb5 axb5 21.
a3 Bf8 22. Kh2 Qd8 23. Nf4 Qb6 24. Qe2 Nc5 25. b4 Na4 26. Bd4 Qb7 27. Nh5 e5
28. Be3 Bd7 29. Qd2 Bc6 30. Qe2 Bd7 31. Qd2 Rxc1 32. Rxc1 Rc8 33. g4 Rxc1 34.
Qxc1 Qc6 35. Ng3 Qxc1 36. Bxc1 Bc6 37. Bf1 Nc3 38. Bd3 d5 39. exd5 Nxd5 40. Ne4
f6 41. Kg3 Kf7 42. f4 exf4+ 43. Bxf4 Nxf4 44. Kxf4 Ke6 45. Nc3 Bd6+ 46. Ke3 Be5
47. Nxb5 Bxb5 48. Bxb5 Bb2 49. Bc4+ Ke5 50. a4 Bc3 51. b5 Bd4+ 52. Kd3 Bb6 53.
Bg8 Kd6 54. Bxh7 Kc5 55. Ke4 Kd6 56. h4 Ba5 57. Kd4 Bb6+ 58. Kc4 Ba5 59. Be4
Kc7 60. Kd5 Kb6 61. Ke6 Be1 62. h5 Bd2 63. Kf7 Bh6 64. Bf5 Ka5 65. g5 fxg5 66.
Bg4 Kb6 67. Ke6 1-0

[Event "4. Memorial Oliver Gonzalez 2015"]
[Site "Madrid ESP"]
[Date "2015.10.13"]
[Round "4.20"]
[White "Iagar, Razvan-Gabriel"]
[Black "Avendano Mateos, Jose"]
[Result "1-0"]
[WhiteElo "2172"]
[BlackElo "2023"]
[PlyCount "107"]
[EventDate "2015.10.10"]
[EventType "swiss"]
[EventRounds "9"]
[EventCountry "ESP"]
[Source "lmi"]
[SourceDate "2015.10.10"]

1. d4 d5 2. c4 c6 3. cxd5 cxd5 4. Nc3 Nc6 5. Nf3 Nf6 6. Bf4 a6 7. Rc1 e6 8. e3
Nh5 9. Bg5 f6 10. Bh4 g6 11. Be2 Be7 12. O-O Ng7 13. Na4 h5 14. Bg3 g5 15. h3
Bd6 16. Bxd6 Qxd6 17. Qc2 Rh6 18. Qc5 Qxc5 19. Nxc5 Ne7 20. Nd2 b6 21. Na4 Rb8
22. Rc2 Bd7 23. Nc3 b5 24. a3 f5 25. Nb3 Kd8 26. Nc5 Rb6 27. a4 bxa4 28. N3xa4
Bxa4 29. Nxa4 Rb4 30. Ra1 f4 31. Nc5 fxe3 32. fxe3 Nef5 33. Ra3 a5 34. Nd3 Rb7
35. Ne5 Ke7 36. Nc6+ Kf6 37. Nxa5 Rb6 38. Nc6 Ng3 39. Ne5 Rb7 40. Bd3 Ke7 41.
Ba6 Rd7 42. Nxd7 Kxd7 43. Bb5+ Ke7 44. Ra7+ Kf6 45. Rc8 N3f5 46. Rf8+ Kg6 47.
Bd3 h4 48. b4 Kh5 49. Be2+ Kg6 50. Kf2 Nh5 51. Bd3 Nhg3 52. b5 Kh5 53. b6 e5
54. Bxf5 1-0